00827nam a22001817a 4500003000900000005001700009007000300026008004100029040003000070082001300100245031400113264003700427300005400464336002700518337003300545338002800578710003900606DO-SdBNP20240520141348.0ta240520e1988 dr abc|| |||| 00| 0 spa d aDO-SdBNPbspacBNPHUerda 4222bT77r00aTraslado de los restos de los primeros mártires de Santiago en la restauración (17 de abril de 1863) y del general José Antonio Salcedo (5 de noviembre de 1864) al Panteon Nacional del 17 al 19 de abril de 1988, por disposición del Doctor Joaquín Balaguer Ricardo, Hon. Presidente de la República. 1aSanto Domingo :bTiempo,c[190?] a24 páginas :bilustraciones, retratos ;c20 cm. 2rdacontentatextobtxt 2rdamediaasin mediaciónbn 2rdacarrieravolumenbnc2 aAcademia Dominicana de la Historia